Técnica de la explotación equina /

Guardado en:
Autor Principal: Müller Defradás, Roberto
Formato: Libro
Publicado: Buenos Aires : Agro, 1954
Materias:
Etiquetas: Agregar Etiqueta
Sin Etiquetas, Sea el primero en etiquetar este registro!
LEADER 00714nam a22002175a 4500
001 CEM.cems016022
005 20130528163109.0
008 130507s1954##################000#0#####d
003 CEMS
082 0 4 |a 636.1 
100 1 |a Müller Defradás, Roberto 
245 1 0 |a Técnica de la explotación equina /  |c Roberto Müller Defradás 
260 |a Buenos Aires :  |b Agro,  |c 1954 
300 |a 405 p. 
653 |a Equinos 
653 |a Equinos-anatomía 
653 |a Equinos-razas 
653 |a Equinos-enfermedades 
859 |a CEMS  |b BIB. CEMS - Agricultura  |h 636.1  |i M912  |p A4989.76  |t Ej.1 
859 |a CEMS  |b BIB. CEMS - Agricultura  |h 636.1  |i M912  |p A5010.76  |t Ej.2 
859 |a CEMS  |b BIB. CEMS - Agricultura  |h 636.1  |i M912  |p A5011.76  |t Ej.3